000
00257 a2200121 4500
001
76628
082
_a
428 LON
090
_c
39155
_d
39155
100
_a
Lonergan Jack
245
_a
Follow Through
260
_a
London
_b
BBC English
_c
1985
300
_a
168 p.
942
_a
NUST-CAE
_k
428 LON
999
_c
311701
_d
311701